東海道・山陽新幹線「のぞみ」停車駅 - Statistics

General Stats
  • This quiz has been taken 722 times
  • The average score is 15 of 16
Answer Stats
Answer % Correct
東京
99%
品川
99%
名古屋
99%
京都
99%
新大阪
99%
新横浜
98%
新神戸
98%
岡山
98%
広島
98%
博多
96%
姫路
93%
新山口
92%
小倉
90%
福山
87%
西明石
85%
徳山
72%
No matching quizzes found
Score Distribution
Percent of People with Each Score
Percentile by Number Answered
Your Score History
You have not taken this quiz